000 01054nam0a22003011 4500
001 rc\116419
005 20250620185657.0
010 _a5-210-01448-7
_95000
035 _a(NLR Aleph) 005375067
090 _a7040742
_c7040742
100 _a20021216d1995 |||y0rusy50 ca
101 0 _arus
102 _aRU
105 _aa |||||||||
200 1 _aМемуары Икара
_e[Пер. с фр.]
_fСерж Лифарь
210 _aМ.
_cИскусство
_d1995
215 _a358 с.
_cил., факс.
_d25
320 _aБиблиогр. тр. С. Лифаря: с. 346-348
320 _aРоли Лифаря в труппе рус. балета Дягилева: с. 324-326
320 _aХореогр. постановки С. Лифаря: с. 327-345
320 _aФильмогр.: с. 349
320 _aИмен. указ.: с. 350-355
700 1 _aЛифарь
_bС.М.
_f1905-1986
_gСергей Михайлович
801 0 _aRU
_bNLR
_gpsbo
801 1 _aRU
_bELAR
_2rusmarc
852 _aNLR
_j95-7/1142
942 _cBOOK
980 _aNB